Football : les clubs français propriétaires de leur stade - Statistiques

Statistiques générales
  • Ce quiz a été pris 62 fois
  • Le résultat moyen est 2 sur 5
Statistiques - réponses
Réponse % Correct
OL
96%
RC Lens
85%
AJ Auxerre
44%
Ac Ajaccio
7%
Gazelec Ajaccio
5%
Aucun quiz correspondant
Distribution des résultats
% des personnes avec chaque résultat
Percentile par nombre de réponses
Votre historique - résultats
Vous n’avez pas pris ce quiz